| 000 | 02561pam a22004451i 4500 | ||
|---|---|---|---|
| 001 | BDZ0051080886 | ||
| 003 | StDuBDS | ||
| 005 | 20230721110647.0 | ||
| 006 | m || d | | ||
| 007 | cr ||||||||||| | ||
| 008 | 220812s2022 nju o 000|0|eng|d | ||
| 020 |
_a9781119896357 (ePub ebook) : _c24.99 |
||
| 040 |
_aStDuBDS _beng _erda _epn _cStDuBDS _dUk _dStDuBDSZ |
||
| 041 | 0 |
_aeng _bspa |
|
| 072 | 7 |
_aLN _2bicssc |
|
| 072 | 7 |
_aKF _2bicssc |
|
| 072 | 7 |
_aLAW _2ukslc |
|
| 072 | 7 |
_aLN _2thema |
|
| 072 | 7 |
_aKF _2thema |
|
| 072 | 7 |
_aKFFR _2thema |
|
| 072 | 7 |
_aLNSH3 _2thema |
|
| 082 | 0 | 4 |
_a346.420434 _223 |
| 100 | 1 |
_aGriswold, Robert S., _eauthor. |
|
| 245 | 1 | 0 |
_aLandlord's legal kit for dummies / _cRobert S. Griswold, Laurence Harmon. |
| 250 | _aSecond edition. | ||
| 260 |
_aHoboken, NJ : _bFor Dummies, _c2022. |
||
| 300 | _a1 online resource. | ||
| 336 |
_atext _2rdacontent |
||
| 337 |
_acomputer _2rdamedia |
||
| 338 |
_aonline resource _2rdacarrier |
||
| 520 | 8 | _aHowdy, landlord! Get on the right side of the law with Dummies Landlord's Legal Kit For Dummies contains all the resources landlords need to unpack the legal side of renting properties. Inside you'll find worksheets, templates, and friendly explanations that will help you find success. Once you have your property and your tenants, you'll need to make sure you operate within your rights, complete all the necessary admin, and handle taxes in an accurate and timely way. This book can help you do just that, with the latest paperwork, helpful details and examples, and a breakdown of taxes and laws. Plus, you can go beyond the book by accessing online documents that take your learning to the next level. Understand all the latest housing laws that pertain to your specific rental situation Find drafts of all the legal forms you'll need as a landlord Access easy-to-use tax worksheets and clear descriptions of tax rules without legal jargon Recognize your rights as a landlord and understand your tenants' rights This is the perfect Dummies guide for both new and experienced landlords who need a hands-on legal reference for all the laws surrounding rent, rental properties, and tenants. | |
| 650 | 0 | _aEBOOK | |
| 650 | 0 | _aLANDLORD AND TENANT | |
| 650 | 7 | _aLAW | |
| 650 | 7 | _aRESIDENTIAL PROPERTY | |
| 690 |
_96252 _aLandlord and tenant |
||
| 700 | 1 | 0 |
_aHarmon, Laurence C., _eauthor. |
| 856 | 4 | 0 |
_uhttps://www.vlebooks.com/product/openreader?id=RICS&accId=9491556&isbn=9781119896357 _zView on VLEbooks. Logins for members only from [email protected] |
| 942 | _2ddc | ||
| 999 |
_c121622 _d121622 |
||